000 00622nam a2200241Ia 4500
003 OSt
005 20221005121518.0
006 a|||||r|||| 00| 0
007 ta
008 221004b |||||||| |||| 00| 0 eng d
024 _a46383
037 _cTextual
040 _aCRL
_cCRL
_beng
041 _2eng
_aeng
082 _aQ1.275M, N1
100 _aGhatak Kamal Kumar
_9630710
245 0 _aHindu revivatism in Bengali
_b Rammohan to Ramakrishna
260 _c1991
300 _a102p
_ccm.
650 _aRELIGION
942 _hQ1.275M, N1
_cTEXL
_2cc
999 _c1041343
_d1041343